<?xml version="1.0" encoding="UTF-8"?>
<collection xmlns="http://www.loc.gov/MARC21/slim">
 <record>
  <leader>02120aam a22003018a 4500</leader>
  <controlfield tag="001">NCT_23925</controlfield>
  <controlfield tag="008">160713s2016                  ||||||viesd</controlfield>
  <datafield tag="999" ind1=" " ind2=" ">
   <subfield code="c">1136</subfield>
   <subfield code="d">1136</subfield>
  </datafield>
  <datafield tag="020" ind1=" " ind2=" ">
   <subfield code="c">120000</subfield>
  </datafield>
  <datafield tag="082" ind1="0" ind2="4">
   <subfield code="2">23rd ed.</subfield>
   <subfield code="a">658.045</subfield>
   <subfield code="b">C678</subfield>
  </datafield>
  <datafield tag="100" ind1="1" ind2=" ">
   <subfield code="a">R.Cohen, Allan</subfield>
  </datafield>
  <datafield tag="245" ind1="1" ind2="0">
   <subfield code="a">MBA trong tầm tay chủ đề quản trị kinh doanh =</subfield>
   <subfield code="b">The portable MBA in management</subfield>
   <subfield code="c">Allan R. Cohen ; Hoàng Hà, Mai Hiên, Nhật An ; Trịnh Đức Vinh (hiệu đính)</subfield>
  </datafield>
  <datafield tag="250" ind1=" " ind2=" ">
   <subfield code="a">Tái bản lần thứ nhất tại Việt Nam</subfield>
  </datafield>
  <datafield tag="260" ind1=" " ind2=" ">
   <subfield code="a">Tp.HCM</subfield>
   <subfield code="b">Tổng hợp TP Hồ Chí Minh tinh văn Media</subfield>
   <subfield code="c">2009</subfield>
  </datafield>
  <datafield tag="300" ind1=" " ind2=" ">
   <subfield code="a">427 tr.</subfield>
   <subfield code="c">27cm </subfield>
  </datafield>
  <datafield tag="520" ind1="3" ind2=" ">
   <subfield code="a">Tài liệu thể hiện mô hình lãnh đạo tầm nhìn, chiến lược và quản trị hành vi cá nhân. Thể hiện các hành vi mang tính tổ chức như thiết kế tổ chức hiệu quả, quản trị nguồn nhân lực, rèn luyện năng lực quản trị sự đa dạng, mô hình những nhà lãnh đạo tương lai.</subfield>
  </datafield>
  <datafield tag="653" ind1=" " ind2=" ">
   <subfield code="a">Quản trị kinh doanh</subfield>
  </datafield>
  <datafield tag="700" ind1="1" ind2=" ">
   <subfield code="a">Hoàng Hà</subfield>
   <subfield code="e">dịch</subfield>
  </datafield>
  <datafield tag="700" ind1="1" ind2=" ">
   <subfield code="a">Trịnh Đức Vinh</subfield>
   <subfield code="e">h.đ.</subfield>
  </datafield>
  <datafield tag="700" ind1="1" ind2=" ">
   <subfield code="a">Mai Hiên</subfield>
   <subfield code="e">dịch </subfield>
  </datafield>
  <datafield tag="700" ind1="1" ind2=" ">
   <subfield code="a">Nhật An</subfield>
   <subfield code="e">dịch </subfield>
  </datafield>
  <datafield tag="942" ind1=" " ind2=" ">
   <subfield code="2">ddc</subfield>
   <subfield code="c">BK</subfield>
  </datafield>
  <datafield tag="952" ind1=" " ind2=" ">
   <subfield code="0">0</subfield>
   <subfield code="1">0</subfield>
   <subfield code="2">ddc</subfield>
   <subfield code="4">0</subfield>
   <subfield code="6">658_045000000000000_C678</subfield>
   <subfield code="7">0</subfield>
   <subfield code="9">11243</subfield>
   <subfield code="a">000001</subfield>
   <subfield code="b">000001</subfield>
   <subfield code="d">2018-06-22</subfield>
   <subfield code="o">658.045 C678</subfield>
   <subfield code="p">MD.07230</subfield>
   <subfield code="r">2018-06-22</subfield>
   <subfield code="v">120000.00</subfield>
   <subfield code="w">2018-06-22</subfield>
   <subfield code="y">BK</subfield>
  </datafield>
  <datafield tag="952" ind1=" " ind2=" ">
   <subfield code="0">0</subfield>
   <subfield code="1">0</subfield>
   <subfield code="2">ddc</subfield>
   <subfield code="4">0</subfield>
   <subfield code="6">658_045000000000000_C678</subfield>
   <subfield code="7">0</subfield>
   <subfield code="9">11249</subfield>
   <subfield code="a">000001</subfield>
   <subfield code="b">000001</subfield>
   <subfield code="d">2018-06-22</subfield>
   <subfield code="o">658.045 C678</subfield>
   <subfield code="p">MD.07233</subfield>
   <subfield code="r">2018-06-22</subfield>
   <subfield code="v">120000.00</subfield>
   <subfield code="w">2018-06-22</subfield>
   <subfield code="y">BK</subfield>
  </datafield>
  <datafield tag="952" ind1=" " ind2=" ">
   <subfield code="0">0</subfield>
   <subfield code="1">0</subfield>
   <subfield code="2">ddc</subfield>
   <subfield code="4">0</subfield>
   <subfield code="6">658_045000000000000_C678</subfield>
   <subfield code="7">0</subfield>
   <subfield code="9">11250</subfield>
   <subfield code="a">000001</subfield>
   <subfield code="b">000001</subfield>
   <subfield code="d">2018-06-22</subfield>
   <subfield code="o">658.045 C678</subfield>
   <subfield code="p">MD.07235</subfield>
   <subfield code="r">2018-06-22</subfield>
   <subfield code="v">120000.00</subfield>
   <subfield code="w">2018-06-22</subfield>
   <subfield code="y">BK</subfield>
  </datafield>
  <datafield tag="952" ind1=" " ind2=" ">
   <subfield code="0">0</subfield>
   <subfield code="1">0</subfield>
   <subfield code="2">ddc</subfield>
   <subfield code="4">0</subfield>
   <subfield code="6">658_045000000000000_C678</subfield>
   <subfield code="7">0</subfield>
   <subfield code="9">11251</subfield>
   <subfield code="a">000001</subfield>
   <subfield code="b">000001</subfield>
   <subfield code="d">2018-06-22</subfield>
   <subfield code="o">658.045 C678</subfield>
   <subfield code="p">MD.07236</subfield>
   <subfield code="r">2018-06-22</subfield>
   <subfield code="v">120000.00</subfield>
   <subfield code="w">2018-06-22</subfield>
   <subfield code="y">BK</subfield>
  </datafield>
  <datafield tag="952" ind1=" " ind2=" ">
   <subfield code="0">0</subfield>
   <subfield code="1">0</subfield>
   <subfield code="2">ddc</subfield>
   <subfield code="4">0</subfield>
   <subfield code="6">658_045000000000000_C678</subfield>
   <subfield code="7">0</subfield>
   <subfield code="9">11252</subfield>
   <subfield code="a">000001</subfield>
   <subfield code="b">000001</subfield>
   <subfield code="d">2018-06-22</subfield>
   <subfield code="o">658.045 C678</subfield>
   <subfield code="p">MD.07238</subfield>
   <subfield code="r">2018-06-22</subfield>
   <subfield code="v">120000.00</subfield>
   <subfield code="w">2018-06-22</subfield>
   <subfield code="y">BK</subfield>
  </datafield>
  <datafield tag="980" ind1=" " ind2=" ">
   <subfield code="a">Thư viện Trường Đại học Nam Cần Thơ</subfield>
  </datafield>
 </record>
</collection>
